000 00518nam a2200181Ia 4500
005 20250326125606.0
008 250326s9999 xx 000 0 und d
037 _aTextbook
040 _aFMSL
_beng
_cFMSL
041 _aeng
_2eng
084 _aX8(A) K5
_qFMSL
100 _aMinistry OF Labour
_9736448
245 0 _aConstruction industry
_cMinistry OF Labour
260 _aLondon
_bLondon, Her Majesty's Stationery Office
_c1965
300 _a50p
942 _cTB
_hX8(A) K5
999 _c1278719
_d1278719